Δωδεκανήσου θρύλος : Δημήτρης Γεωργάς

Αποθηκεύτηκε σε:
Λεπτομέρειες βιβλιογραφικής εγγραφής
Κύριος συγγραφέας: Κεχαγιάς-Ναίθωνας, Νικόλας Μ., 1935-
Μορφή: Βιβλίο
Γλώσσα:Greek
Δημοσίευση: Αθήνα : [χ.ό.], 1984
Θέματα:
Ετικέτες: Προσθήκη ετικέτας
Δεν υπάρχουν, Καταχωρήστε ετικέτα πρώτοι!

MARC

LEADER 00000cam a2200000 i 4500
001 1/99475
008 081215s1984 gre d
035 |l 10102476 
040 |a GR-MY-UA  |b gre  |e aacr 
041 0 |a gre 
082 0 |a 920.71  |2 (22) 
100 1 |a Κεχαγιάς-Ναίθωνας, Νικόλας Μ.,   |d 1935- 
245 1 0 |a Δωδεκανήσου θρύλος :  |b Δημήτρης Γεωργάς /  |c Κεχαγιά Μ. Νικολάου "Ναίθωνα" 
260 |a Αθήνα :   |b [χ.ό.],   |c 1984 
300 |a 94 σ.;  |c 24 εκ. 
600 1 0 |a Γεωργάς Δημήτρης. 
650 0 0 |a Biography. 
651 0 |a Dodecanese Islands (Greece)  |x History. 
651 0 |a Greece  |x History  |x Biography. 
852 |a INST  |b RHODES  |c AKA  |e 20081215  |h  920.71 ΚΕΧ  |p 005400031546  |q 005400031546  |t BK  |y 0 
901 |a BIBL4-2008-3 
909 |a Ρ  |b 156608 
970 |a ΚΟΖΑ  |b ΜΑΡΙΑ  |z 2008/12/15